[Event "25th International Tournament Nikaia"]
[Site "Nikaia"]
[Date "2017.08.29"]
[Round "4.20"]
[White "Leftheriotis, Alexandros"]
[Black "Krallis, Christos"]
[Result "0-1"]
[WhiteElo "1923"]
[BlackElo "2148"]
[PlyCount "134"]
[EventDate "2017.08.26"]

1. e4 e5 2. Nf3 Nc6 3. d4 exd4 4. Nxd4 Nf6 5. Nxc6 bxc6 6. e5 Nd5 7. c4 Nb6 8.
Nc3 Bb4 9. Qg4 Kf8 10. Be2 d5 11. Qf4 Ba6 12. c5 Bxc3+ 13. bxc3 Nc4 14. O-O Qe7
15. Qd4 Rb8 16. a4 Na5 17. Bxa6 Nb3 18. Rb1 Qe8 19. Qd1 Nxc1 20. Qxc1 Rxb1 21.
Qxb1 g6 22. Re1 Kg7 23. Qd3 Qe7 24. Qd4 Rb8 25. h3 Rb3 26. Bd3 Kg8 27. g3 Qg5
28. e6 fxe6 29. Rxe6 Qc1+ 30. Kg2 Qxc3 31. Qf4 Rb8 32. Be2 Rf8 33. Qe3 Qc2 34.
Re7 Qb2 35. Qh6 Rxf2+ 36. Kxf2 Qf6+ 37. Qf4 Qxe7 38. Qe3 Qf6+ 39. Kg2 Kg7 40.
h4 a5 41. Bg4 Qb2+ 42. Kh3 Qf6 43. Qf4 Qe7 44. Qd4+ Kg8 45. Bf3 Qe6+ 46. Kh2
Qe7 47. Bg2 g5 48. h5 h6 49. Qf2 Kg7 50. Qf5 Qe8 51. Bf3 Kh8 52. Qf6+ Kh7 53.
Qg6+ Qxg6 54. hxg6+ Kxg6 55. Bg4 Kf6 56. Bd7 Ke5 57. Bxc6 Kd4 58. Kg2 Kxc5 59.
Bb5 c6 60. Be2 Kb4 61. Bd1 Kc3 62. Kf2 d4 63. g4 Kd2 64. Bf3 d3 65. Kf1 Kc1 66.
Ke1 c5 67. Kf2 d2 0-1

[Event "25th International Tournament Nikaia"]
[Site "Nikaia"]
[Date "2017.08.30"]
[Round "5.1"]
[White "Stathopoulos, Ioannis"]
[Black "Skaperdas, Kostantinos"]
[Result "1-0"]
[WhiteElo "2323"]
[BlackElo "2200"]
[PlyCount "115"]
[EventDate "2017.08.26"]

1. d4 e6 2. c4 d5 3. Nc3 a6 4. e4 dxe4 5. Nxe4 Bb4+ 6. Nc3 c5 7. a3 Ba5 8. Be3
Ne7 9. Nge2 cxd4 10. Bxd4 Nf5 11. Bc5 Nd7 12. Bb4 Bxb4 13. axb4 Qb6 14. b5 O-O
15. Ng3 Nf6 16. Nxf5 exf5 17. Be2 Be6 18. O-O Rad8 19. Qc2 axb5 20. Nxb5 Rc8
21. Rac1 Rfd8 22. b4 Rd7 23. Rfd1 Ne4 24. c5 Qd8 25. Nc3 Nd2 26. Bb5 Rd4 27.
Ne2 Bb3 28. Rxd2 Rxd2 29. Qxb3 Qe7 30. Ng3 g6 31. Nf1 Rd4 32. Bc4 f4 33. h3 Qf6
34. Nh2 Rd2 35. Nf3 Rb2 36. Qa4 Rd8 37. b5 Kg7 38. c6 bxc6 39. bxc6 Rc8 40. Bd5
Rc7 41. Qa5 Qd6 42. Nd4 Kh6 43. Nb5 Qxd5 44. Qxc7 Qd2 45. Rf1 Rxb5 46. Qxf7 Rf5
47. Qc4 Rf8 48. c7 Rc8 49. Rc1 Qd6 50. Qf7 Qd2 51. Rc4 Qd1+ 52. Kh2 Qd6 53. f3
Qe5 54. Rc6 Qg5 55. Rc1 Qe5 56. Qd7 Qh8 57. Qd6 Rf8 58. Qxf8+ 1-0

[Event "25th International Tournament Nikaia"]
[Site "Nikaia"]
[Date "2017.08.30"]
[Round "5.2"]
[White "Nikolaidis, Ioannis"]
[Black "Kouvatsos, Filippos"]
[Result "1-0"]
[WhiteElo "2561"]
[BlackElo "2159"]
[PlyCount "95"]
[EventDate "2017.08.26"]

1. e4 c6 2. Nc3 d5 3. d4 dxe4 4. Nxe4 Bf5 5. Ng3 Bg6 6. Nf3 Nd7 7. Bd3 e6 8.
O-O Ngf6 9. Bxg6 hxg6 10. Bf4 Be7 11. c4 Nh5 12. Nxh5 Rxh5 13. Qe2 Kf8 14. Rfd1
Nf6 15. Ne5 Bd6 16. Rd3 Qe7 17. g4 Rh8 18. Rad1 Rd8 19. Bg3 g5 20. Qe3 Nd7 21.
Qf3 Nf6 22. Qe3 Nd7 23. c5 Bb8 24. Nxd7+ Qxd7 25. Bxb8 Rxb8 26. Qxg5 Rd8 27.
Qf4 Qe7 28. Re1 Qf6 29. Qxf6 gxf6 30. f4 Rd5 31. Red1 Kg7 32. b4 Rh4 33. h3 f5
34. Rg3 Kg6 35. Kg2 f6 36. Rdd3 fxg4 37. Rxg4+ Rxg4+ 38. hxg4 e5 39. Kf3 a5 40.
a3 axb4 41. axb4 exf4 42. Kxf4 b6 43. Ke4 Kg5 44. b5 Rd8 45. bxc6 bxc5 46. dxc5
Re8+ 47. Kd5 Kxg4 48. c7 1-0

[Event "25th International Tournament Nikaia"]
[Site "Nikaia"]
[Date "2017.08.30"]
[Round "5.3"]
[White "Kouskoutis, Georgios-Alexandro"]
[Black "Beliotis, Georgios"]
[Result "1-0"]
[WhiteElo "2270"]
[BlackElo "2157"]
[PlyCount "75"]
[EventDate "2017.08.26"]

1. Nf3 Nf6 2. g3 g6 3. b3 Bg7 4. Bb2 O-O 5. Bg2 d5 6. O-O a5 7. a3 c6 8. d3 Bg4
9. h3 Bxf3 10. exf3 Nbd7 11. f4 Qb6 12. Nd2 e6 13. Rb1 Rfc8 14. Nf3 a4 15. b4
c5 16. c4 cxb4 17. Bxf6 Nxf6 18. Rxb4 Qa6 19. Qb1 Rab8 20. Rb6 Qa7 21. Ne5 Bf8
22. cxd5 Bc5 23. Rb5 exd5 24. Qa2 Rd8 25. g4 Bd4 26. Rfb1 Qa6 27. g5 Nd7 28.
Nxf7 Rf8 29. Rxd5 Qe6 30. Nh6+ Kh8 31. Qc4 Bg7 32. Qc7 Nf6 33. gxf6 Bxh6 34.
Rd7 Rbc8 35. Qxb7 Rb8 36. Rxh7+ Kg8 37. Rg7+ Kh8 38. Qxb8 1-0

[Event "25th International Tournament Nikaia"]
[Site "Nikaia"]
[Date "2017.08.30"]
[Round "5.4"]
[White "Grigoriadis, Mihail"]
[Black "Alexiadis, Hristos"]
[Result "0-1"]
[WhiteElo "2102"]
[BlackElo "2237"]
[PlyCount "104"]
[EventDate "2017.08.26"]

1. d4 c5 2. d5 e5 3. e4 d6 4. Nc3 Be7 5. Nf3 Bg4 6. Bb5+ Kf8 7. a4 Bxf3 8. Qxf3
Bg5 9. Bxg5 Qxg5 10. a5 a6 11. Ba4 h5 12. O-O Qd8 13. Rfb1 Qxa5 14. Qh3 Qc7 15.
b4 cxb4 16. Rxb4 Nf6 17. Rb3 h4 18. Kh1 g6 19. f4 exf4 20. e5 Nh5 21. exd6 Qxd6
22. Rxb7 Qe5 23. Qd3 Ng3+ 24. Kg1 Qxc3 25. Qxc3 Ne2+ 26. Kf1 Nxc3 27. Bb3 Ne4
28. Re1 Nd2+ 29. Kf2 Nxb3 30. cxb3 Kg7 31. Ree7 Rf8 32. Rec7 a5 33. d6 Ra6 34.
d7 Rd6 35. Rxb8 Rxb8 36. Rc8 Rxb3 37. d8=Q Rxd8 38. Rxd8 Rb4 39. Kf3 f5 40. Rd5
a4 41. Ra5 Kf6 42. h3 Rb3+ 43. Kf2 a3 44. Ra6+ Kg5 45. Ra4 Rc3 46. Ke2 Rc2+ 47.
Kf3 Ra2 48. Ra7 Ra1 49. Ra4 a2 50. Kf2 f3 51. gxf3 Rh1 52. f4+ Kh6 0-1

[Event "25th International Tournament Nikaia"]
[Site "Nikaia"]
[Date "2017.08.30"]
[Round "5.5"]
[White "Gripeos, Kiriakos"]
[Black "Karagiannis, Athanasios"]
[Result "0-1"]
[WhiteElo "2040"]
[BlackElo "2220"]
[PlyCount "67"]
[EventDate "2017.08.26"]

1. e4 g6 2. d4 Bg7 3. Nf3 d6 4. Be2 Nf6 5. Nc3 O-O 6. O-O a6 7. a4 b6 8. Re1
Bb7 9. Bc4 e6 10. Bb3 Nbd7 11. e5 dxe5 12. dxe5 Ng4 13. Bf4 Nc5 14. Bc4 Qxd1
15. Raxd1 Rfd8 16. Nd4 Rd7 17. h3 Rad8 18. hxg4 Rxd4 19. Be3 Rxd1 20. Nxd1 Nxa4
21. b3 Nc5 22. Bxc5 bxc5 23. Nb2 a5 24. f3 Bd5 25. Kf2 f6 26. Bxd5 Rxd5 27. Rd1
fxe5 28. c4 Rxd1 29. Nxd1 e4 30. fxe4 Bd4+ 31. Kf3 Kg7 32. g5 h6 33. Nf2 Bxf2
34. Kxf2 0-1

[Event "25th International Tournament Nikaia"]
[Site "Nikaia"]
[Date "2017.08.30"]
[Round "5.6"]
[White "Spyropoulos, Nikolaos"]
[Black "Gogolis, Alexandros"]
[Result "1/2-1/2"]
[WhiteElo "2108"]
[BlackElo "2190"]
[PlyCount "26"]
[EventDate "2017.08.26"]

1. e4 c5 2. Nf3 Nc6 3. d4 cxd4 4. Nxd4 g6 5. c4 Nf6 6. Nc3 Nxd4 7. Qxd4 d6 8.
Be3 Bg7 9. f3 O-O 10. Qd2 Be6 11. Rc1 Qa5 12. Be2 Rfc8 13. b3 a6 1/2-1/2

[Event "25th International Tournament Nikaia"]
[Site "Nikaia"]
[Date "2017.08.30"]
[Round "5.7"]
[White "Pountzas, Hrisanthos"]
[Black "Nikolaidis, Konstantinos"]
[Result "1/2-1/2"]
[WhiteElo "2058"]
[BlackElo "2227"]
[PlyCount "43"]
[EventDate "2017.08.26"]

1. c4 Nf6 2. Nf3 e6 3. g3 d5 4. Bg2 Be7 5. O-O O-O 6. d4 dxc4 7. Ne5 Nc6 8.
Nxc6 bxc6 9. Na3 Nd5 10. Nxc4 c5 11. Na5 Qd7 12. e4 Nf6 13. d5 exd5 14. exd5
Ba6 15. Re1 Bd6 16. Qc2 Rfe8 17. Bd2 Qg4 18. Be3 Nd7 19. h3 Qh5 20. Nc4 Nb6 21.
Na5 Nd7 22. Nc4 1/2-1/2

[Event "25th International Tournament Nikaia"]
[Site "Nikaia"]
[Date "2017.08.30"]
[Round "5.8"]
[White "Samaridis, Konstantinos"]
[Black "Gazis, Efstathios"]
[Result "0-1"]
[WhiteElo "2057"]
[BlackElo "2212"]
[PlyCount "68"]
[EventDate "2017.08.26"]

1. c4 c5 2. Nc3 e6 3. e4 Nc6 4. g3 Nf6 5. Bg2 d5 6. exd5 exd5 7. cxd5 Nb4 8.
Nf3 Nd3+ 9. Ke2 Qe7+ 10. Kxd3 Bf5+ 11. Kc4 b5+ 12. Nxb5 Qe4+ 13. d4 Qxd5+ 14.
Kc3 Ne4+ 15. Kd3 Nd6+ 16. Kd2 O-O-O 17. Nxd6+ Bxd6 18. Ke1 Qc4 19. Be3 Qa6 20.
Qc1 Rhe8 21. dxc5 Bc7 22. b4 Be4 23. Nh4 g5 24. Bxe4 Rxe4 25. Nf5 Rxb4 26. Nd6+
Kd7 27. Qd2 Ba5 28. Nc4+ Kc8 29. Nxa5 Qxa5 30. Ke2 Qa6+ 31. Kf3 Rxd2 32. Bxd2
Qd3+ 33. Be3 Qe4+ 34. Ke2 Rb2+ 0-1

[Event "25th International Tournament Nikaia"]
[Site "Nikaia"]
[Date "2017.08.30"]
[Round "5.9"]
[White "Kanellos, Dimitrios V."]
[Black "Nikolaou, Spiridon"]
[Result "0-1"]
[WhiteElo "2033"]
[BlackElo "2196"]
[PlyCount "72"]
[EventDate "2017.08.26"]

1. d4 Nf6 2. c4 g6 3. Nf3 Bg7 4. g3 O-O 5. Bg2 c6 6. O-O d6 7. Nc3 Qa5 8. d5
Qa6 9. Nd2 cxd5 10. cxd5 Nbd7 11. Nb3 Nb6 12. h3 Bd7 13. e4 Na4 14. Nxa4 Bxa4
15. Bg5 Rfc8 16. f4 Qb6+ 17. Kh2 Rc7 18. e5 Ne8 19. Qf3 h6 20. Bh4 Bxb3 21.
axb3 Qd4 22. Rf2 b5 23. Rd1 Qb4 24. Rg1 Rac8 25. f5 g5 26. f6 exf6 27. e6 gxh4
28. Bf1 Rc2 29. Bd3 Rxf2+ 30. Qxf2 fxe6 31. Qe2 e5 32. Bf5 Rc7 33. Be6+ Kf8 34.
Qd3 Qd4 35. Qg6 Qf2+ 36. Kh1 hxg3 0-1

[Event "25th International Tournament Nikaia"]
[Site "Nikaia"]
[Date "2017.08.30"]
[Round "5.10"]
[White "Grigoriadis, Alexandros"]
[Black "Delithanasis, Dimitrios"]
[Result "1-0"]
[WhiteElo "2189"]
[BlackElo "2007"]
[PlyCount "74"]
[EventDate "2017.08.26"]

1. c4 c5 2. Nf3 Nc6 3. Nc3 g6 4. g3 Bg7 5. Bg2 d6 6. O-O Bf5 7. h3 Nf6 8. d3
O-O 9. e4 Bd7 10. Be3 Ne8 11. d4 cxd4 12. Nxd4 Nc7 13. Rc1 Ne6 14. Nde2 Qa5 15.
b3 Nc5 16. f4 Rad8 17. Qd2 a6 18. Rfd1 b5 19. cxb5 axb5 20. Nd5 b4 21. Nd4 Rfe8
22. Nxc6 Bxc6 23. Bxc5 Bxd5 24. Bxb4 Qa7+ 25. Kh2 Be6 26. Bc3 Bxc3 27. Rxc3 Qa3
28. Rc7 Rb8 29. Rdc1 Rb5 30. R1c2 Rc5 31. R2xc5 dxc5 32. f5 gxf5 33. Qg5+ Kf8
34. exf5 Qa5 35. fxe6 Qxc7 36. Qh6+ Kg8 37. Be4 fxe6 1-0

[Event "25th International Tournament Nikaia"]
[Site "Nikaia"]
[Date "2017.08.30"]
[Round "5.11"]
[White "Triantos, Konstantinos"]
[Black "Sirigos, Nikolaos"]
[Result "1/2-1/2"]
[WhiteElo "1986"]
[BlackElo "2181"]
[PlyCount "70"]
[EventDate "2017.08.26"]

1. e4 e6 2. d4 d5 3. Nd2 Be7 4. c3 c5 5. Ngf3 Nf6 6. e5 Nfd7 7. a3 c4 8. g3 Nb6
9. Bg2 Bd7 10. O-O Ba4 11. Qe2 Nc6 12. Ne1 h5 13. f4 g6 14. Ndf3 Na5 15. Nc2
Bxc2 16. Qxc2 Qd7 17. Nd2 Na4 18. Bf3 Qc6 19. Bd1 b5 20. Qb1 Kd7 21. Bxa4 bxa4
22. h4 Rab8 23. Qc2 Rb6 24. Rf2 Rhb8 25. Kh2 Qb5 26. Rb1 Nb3 27. Nxb3 Qxb3 28.
Ra1 Qxc2 29. Rxc2 Ke8 30. Kg2 f6 31. exf6 Bxf6 32. Ra2 Kf7 33. Kf3 Be7 34. Be3
Bd6 35. Bc1 Kf6 1/2-1/2

[Event "25th International Tournament Nikaia"]
[Site "Nikaia"]
[Date "2017.08.30"]
[Round "5.12"]
[White "Nemtsas, Hristoforos"]
[Black "Georgiou, Kostantinos"]
[Result "0-1"]
[WhiteElo "1938"]
[BlackElo "2162"]
[PlyCount "56"]
[EventDate "2017.08.26"]

1. d4 d5 2. c4 e6 3. Nc3 c5 4. cxd5 exd5 5. Nf3 Nc6 6. g3 Nf6 7. Bg2 Be7 8. O-O
O-O 9. Bg5 c4 10. Ne5 Be6 11. f4 h6 12. Bxf6 Bxf6 13. f5 Bc8 14. Nxd5 Nxe5 15.
dxe5 Bxe5 16. f6 Be6 17. fxg7 Bxg7 18. Qd2 Bxd5 19. Bxd5 Qb6+ 20. Kh1 Qxb2 21.
Qf4 Qe5 22. Bxf7+ Kh8 23. Qxe5 Bxe5 24. Rab1 c3 25. Kg2 Rac8 26. Be6 Rxf1 27.
Kxf1 Rf8+ 28. Ke1 c2 0-1

[Event "25th International Tournament Nikaia"]
[Site "Nikaia"]
[Date "2017.08.30"]
[Round "5.13"]
[White "Krallis, Christos"]
[Black "Zaronikas, Dimitrios"]
[Result "0-1"]
[WhiteElo "2148"]
[BlackElo "1884"]
[PlyCount "79"]
[EventDate "2017.08.26"]

1. e4 Nf6 2. Nc3 e5 3. Nf3 Nc6 4. Bb5 Bc5 5. O-O d6 6. d3 O-O 7. h3 Ne7 8. Ne2
Ng6 9. Ng3 h6 10. Be3 Bb6 11. Bxb6 axb6 12. d4 Qe7 13. Re1 Nf4 14. Qd2 N6h5 15.
Nxh5 Nxh5 16. dxe5 dxe5 17. Qc3 c6 18. Bc4 Re8 19. Rad1 b5 20. Bb3 Qf6 21. Rd2
Nf4 22. Kh2 Qg6 23. g3 Nxh3 24. Nxe5 Rxe5 25. Qxe5 Ng5 26. Qe8+ Kh7 27. Bxf7
Nxf7 28. f4 Qg4 29. Re3 Rxa2 30. f5 Qh5+ 31. Kg2 Ra1 32. Ree2 Qh1+ 33. Kf2 Rf1+
34. Ke3 Rf3+ 35. Kd4 Qg1+ 36. Rf2 Rxf2 37. Rxf2 Qxf2+ 38. Kc3 Qe3+ 39. Kb4 Qd4+
40. Ka5 0-1

[Event "25th International Tournament Nikaia"]
[Site "Nikaia"]
[Date "2017.08.30"]
[Round "5.14"]
[White "Loutragotis, Paraskevas Pantel"]
[Black "Kordis, Konstantinos"]
[Result "0-1"]
[WhiteElo "1863"]
[BlackElo "2130"]
[PlyCount "64"]
[EventDate "2017.08.26"]

1. e4 c5 2. Nf3 e6 3. d4 cxd4 4. Nxd4 a6 5. Nc3 b5 6. a3 Qc7 7. Be2 Nf6 8. O-O
Bb7 9. Bf3 d6 10. Re1 Be7 11. Bf4 e5 12. Nf5 exf4 13. e5 dxe5 14. Bxb7 Ra7 15.
Nd5 Nxd5 16. Bxd5 O-O 17. Qh5 Bf6 18. Rad1 g6 19. Qh6 Rd8 20. Rd3 Qxc2 21. Red1
Rad7 22. Bxf7+ Kxf7 23. Qxh7+ Ke6 24. Ng7+ Bxg7 25. Qxg6+ Bf6 26. Rd6+ Rxd6 27.
Rxd6+ Rxd6 28. Qxc2 Nc6 29. g3 Nd4 30. Qe4 f3 31. h4 Rc6 32. Kh2 Rc2 0-1

[Event "25th International Tournament Nikaia"]
[Site "Nikaia"]
[Date "2017.08.30"]
[Round "5.15"]
[White "Tsivelekidou, Evgenia"]
[Black "Tetepoulidis, Ioannis"]
[Result "1/2-1/2"]
[WhiteElo "1789"]
[BlackElo "2078"]
[PlyCount "120"]
[EventDate "2017.08.26"]

1. d4 d6 2. Bg5 Nd7 3. Nf3 Ngf6 4. c3 e5 5. dxe5 dxe5 6. Nbd2 Bc5 7. e3 O-O 8.
Ne4 Be7 9. Nxf6+ Bxf6 10. Bxf6 Qxf6 11. Qc2 Nc5 12. Bd3 Nxd3+ 13. Qxd3 Bg4 14.
Nd2 Rfd8 15. Qc2 Rd7 16. O-O Rad8 17. Nb3 Qg5 18. Kh1 Rd6 19. f3 Be6 20. f4
exf4 21. exf4 Qg4 22. Nd4 c5 23. Nxe6 Qxe6 24. Rad1 Qxa2 25. Rxd6 Rxd6 26. Qe4
Rd8 27. Qxb7 h6 28. Qc7 Qd5 29. Qxa7 Ra8 30. Qe7 Ra2 31. Qe8+ Kh7 32. Qb5 Qe4
33. Qb3 Qxf4 34. Qd1 Qc4 35. Qb1+ Kg8 36. Re1 Ra8 37. h3 Rb8 38. Qc2 g6 39. Qf2
Kg7 40. Kg1 Qd5 41. Rf1 h5 42. Qf6+ Kg8 43. Qf2 c4 44. Qe2 Rd8 45. Qf3 Qc5+ 46.
Kh1 Rd7 47. Qe4 Re7 48. Qa8+ Kg7 49. Qf3 Qe5 50. Qf4 Qxf4 51. Rxf4 Rc7 52. h4
f5 53. Kh2 Kf6 54. Rd4 Ke5 55. Kg3 Rb7 56. Rxc4 Rxb2 57. Rc6 Rb3 58. Rxg6 Rxc3+
59. Kf2 Ke4 60. Rg5 Rc2+ 1/2-1/2

[Event "25th International Tournament Nikaia"]
[Site "Nikaia"]
[Date "2017.08.30"]
[Round "5.16"]
[White "Kalofonos, Panayotis"]
[Black "Kofidis, Andreas"]
[Result "0-1"]
[WhiteElo "1982"]
[BlackElo "2345"]
[PlyCount "58"]
[EventDate "2017.08.26"]

1. e4 e5 2. Nf3 Qe7 3. Bc4 Nf6 4. O-O h6 5. Nc3 c6 6. d4 d6 7. h3 g5 8. dxe5
dxe5 9. Nh2 Rg8 10. Be3 Nbd7 11. a4 a5 12. Qe2 Nc5 13. Rad1 Ne6 14. Ng4 Nf4 15.
Nxf6+ Qxf6 16. Bxf4 gxf4 17. Rd3 Qg5 18. Qf3 Be7 19. Rfd1 h5 20. Nb5 cxb5 21.
Bxb5+ Kf8 22. Bd7 Kg7 23. Rb3 Rd8 24. Bxc8 Raxc8 25. Rxb7 Rxd1+ 26. Qxd1 Rd8
27. Qe2 Bc5 28. Qc4 Rd1+ 29. Kh2 Qg3+ 0-1

[Event "25th International Tournament Nikaia"]
[Site "Nikaia"]
[Date "2017.08.30"]
[Round "5.17"]
[White "Kakadelis, Stratos"]
[Black "Poulopoulos, Ioannis"]
[Result "0-1"]
[WhiteElo "1978"]
[BlackElo "2290"]
[PlyCount "84"]
[EventDate "2017.08.26"]

1. c4 Nf6 2. Nc3 e6 3. Nf3 Bb4 4. Qc2 c5 5. e3 O-O 6. a3 Ba5 7. b3 Nc6 8. Bb2
d6 9. Ng5 h6 10. h4 Bxc3 11. Bxc3 e5 12. Be2 Ne7 13. Ne4 Nxe4 14. Qxe4 f5 15.
Qc2 Nc6 16. d3 Be6 17. b4 b6 18. bxc5 bxc5 19. Bf3 Rc8 20. Rb1 Rf7 21. g3 d5
22. Qa4 e4 23. cxd5 Bxd5 24. dxe4 fxe4 25. Bxe4 Nd4 26. exd4 Bxe4 27. O-O Bxb1
28. Rxb1 Qf6 29. Rf1 Rd8 30. Ba5 Qxd4 31. Qc6 Rdf8 32. Qe6 Kh8 33. Qe2 Rf3 34.
Bc7 Rxa3 35. Be5 Qd7 36. Rd1 Qf7 37. Rd6 Ra2 38. Qe3 Qxf2+ 39. Qxf2 Raxf2 40.
Rxh6+ Kg8 41. Rc6 Rc2 42. h5 Re8 0-1

[Event "25th International Tournament Nikaia"]
[Site "Nikaia"]
[Date "2017.08.30"]
[Round "5.18"]
[White "Megalios, Konstantinos"]
[Black "Dionysopoulos, Zacharias"]
[Result "1-0"]
[WhiteElo "2233"]
[BlackElo "1963"]
[PlyCount "125"]
[EventDate "2017.08.26"]

1. c4 c6 2. e4 d5 3. exd5 cxd5 4. d4 Nf6 5. Nc3 Nc6 6. Nf3 Bg4 7. cxd5 Bxf3 8.
Qxf3 Nxd4 9. Qd1 e5 10. dxe6 Nxe6 11. Bb5+ Nd7 12. O-O a6 13. Be2 Nf6 14. Bf3
Qxd1 15. Rxd1 Rc8 16. Nd5 Nxd5 17. Rxd5 Bc5 18. Bd2 O-O 19. Bc3 b6 20. Rad1 a5
21. a3 Rfd8 22. Kf1 Rxd5 23. Rxd5 Rd8 24. Rxd8+ Nxd8 25. Bd5 Kf8 26. g3 f6 27.
Ke2 Ke7 28. f4 Ne6 29. Kf3 Nc7 30. Bg8 Nb5 31. Bd2 h6 32. Ke4 Kd6 33. Bc4 Nc7
34. Kf5 Ke7 35. Kg6 Kf8 36. g4 Ne8 37. Bd3 Nc7 38. Bc4 Ne8 39. h3 Nd6 40. Bd3
Nc8 41. Kf5 Ke7 42. g5 Nd6+ 43. Kg6 fxg5 44. fxg5 hxg5 45. Bxg5+ Kf8 46. Bf4
Ne8 47. Be5 Bf2 48. Bb5 Nf6 49. Bd6+ Kg8 50. Bc4+ Kh8 51. Be5 Ne8 52. a4 Bh4
53. Kf7 Nf6 54. Bd3 Bf2 55. Bg6 Be3 56. b3 Bf2 57. Bd3 Be3 58. Kg6 Kg8 59. Bc4+
Kh8 60. Bf7 Bf2 61. Bc3 Be3 62. h4 Bh6 63. Bxf6 1-0

[Event "25th International Tournament Nikaia"]
[Site "Nikaia"]
[Date "2017.08.30"]
[Round "5.20"]
[White "Bousios, Hristos"]
[Black "Abatzis, Antonios"]
[Result "1/2-1/2"]
[WhiteElo "2219"]
[BlackElo "1895"]
[PlyCount "89"]
[EventDate "2017.08.26"]

1. d4 Nf6 2. c4 e6 3. a3 c5 4. e3 d5 5. Nf3 Nc6 6. Nc3 Be7 7. dxc5 dxc4 8.
Qxd8+ Kxd8 9. Ng5 Rf8 10. Bxc4 Bxc5 11. b4 Bb6 12. Bb2 Bd7 13. Na4 Ke7 14. Nxb6
axb6 15. Ke2 Rfc8 16. Bd3 e5 17. b5 Na5 18. Bxe5 Nb3 19. Rab1 Rxa3 20. Rhd1 Rc5
21. Bxf6+ gxf6 22. Ne4 Re5 23. Ke1 f5 24. Nd2 Nc5 25. Nc4 Nxd3+ 26. Rxd3 Rxd3
27. Nxe5 Rd5 28. Nxd7 Kxd7 29. Ke2 Kd6 30. Kf3 Ke5 31. Rb2 Rc5 32. Kg3 Kd5 33.
Kf4 Kc4 34. f3 Rxb5 35. Rd2 Rd5 36. Rc2+ Kd3 37. Rc7 b5 38. Rxb7 Kc4 39. Rxf7
b4 40. Rc7+ Rc5 41. Rxh7 b3 42. Rb7 Rb5 43. Rc7+ Rc5 44. Rb7 Rb5 45. Rc7+
1/2-1/2

[Event "25th International Tournament Nikaia"]
[Site "Nikaia"]
[Date "2017.08.31"]
[Round "6.1"]
[White "Alexiadis, Hristos"]
[Black "Stathopoulos, Ioannis"]
[Result "1-0"]
[WhiteElo "2237"]
[BlackElo "2323"]
[PlyCount "119"]
[EventDate "2017.08.26"]

1. d4 Nf6 2. Nf3 g6 3. Bg5 Ne4 4. Bh4 d5 5. Nbd2 Nd6 6. c3 Bg7 7. e3 O-O 8. Be2
Nd7 9. O-O Nf5 10. Bg5 h6 11. Bf4 g5 12. Bg3 Nxg3 13. hxg3 c5 14. b4 b6 15. a4
e5 16. a5 Rb8 17. axb6 axb6 18. bxc5 bxc5 19. Nxe5 Nxe5 20. dxe5 Bxe5 21. Ra3
Re8 22. c4 Be6 23. cxd5 Bxd5 24. Rd3 c4 25. Nxc4 Bxc4 26. Rxd8 Rbxd8 27. Qc2
Bxe2 28. Qxe2 Rd7 29. Qb5 Rde7 30. g4 Bg7 31. Rd1 Re6 32. g3 Bf8 33. Kg2 Bg7
34. Rd7 R6e7 35. Rd5 Re5 36. Rxe5 Rxe5 37. Qb8+ Kh7 38. e4 Re6 39. Qb7 Kg8 40.
f4 Re8 41. e5 Re6 42. Kf3 Re8 43. Ke4 Re6 44. Qc8+ Kh7 45. Qb7 Kg8 46. Kf5 Re8
47. Qd7 Kf8 48. Qc6 Re6 49. Qc5+ Kg8 50. Qc8+ Bf8 51. Ke4 Re7 52. f5 Ra7 53. e6
f6 54. Qe8 Re7 55. Qb8 Kg7 56. Kd5 Kg8 57. Kc6 Kg7 58. Kb6 Kg8 59. Qc8 Kg7 60.
Qd7 1-0

[Event "25th International Tournament Nikaia"]
[Site "Nikaia"]
[Date "2017.08.31"]
[Round "6.2"]
[White "Karagiannis, Athanasios"]
[Black "Nikolaidis, Ioannis"]
[Result "0-1"]
[WhiteElo "2220"]
[BlackElo "2561"]
[PlyCount "66"]
[EventDate "2017.08.26"]

1. e4 c6 2. d4 d5 3. exd5 cxd5 4. c4 Nf6 5. Nc3 g6 6. Bg5 Bg7 7. Bxf6 Bxf6 8.
Nxd5 Bg7 9. Nf3 Nc6 10. Be2 O-O 11. O-O Bg4 12. Ne5 Bxe2 13. Qxe2 e6 14. Nxc6
bxc6 15. Ne3 Bxd4 16. Rad1 Qb6 17. b3 Rad8 18. Nc2 e5 19. b4 Qa6 20. a3 Rfe8
21. Rfe1 Bc3 22. Rf1 h5 23. h3 Bd4 24. Nxd4 exd4 25. Qd3 c5 26. Rfe1 Qc6 27.
Rxe8+ Rxe8 28. bxc5 Rd8 29. Qb3 Qxc5 30. Qb4 Qe5 31. c5 d3 32. Rd2 Rb8 33. Qa5
Rb1+ 0-1

[Event "25th International Tournament Nikaia"]
[Site "Nikaia"]
[Date "2017.08.31"]
[Round "6.3"]
[White "Gazis, Efstathios"]
[Black "Kouskoutis, Georgios-Alexandro"]
[Result "0-1"]
[WhiteElo "2212"]
[BlackElo "2270"]
[PlyCount "84"]
[EventDate "2017.08.26"]

1. e4 c5 2. Nf3 e6 3. d4 cxd4 4. Nxd4 Nc6 5. Nc3 Qc7 6. Be3 a6 7. Be2 b5 8.
Nxc6 Qxc6 9. Bf3 Bb7 10. O-O Qc7 11. Re1 Rc8 12. Qd4 Bd6 13. Qxg7 Bxh2+ 14. Kh1
Be5 15. Qg5 Ne7 16. Rad1 Rg8 17. Qh5 Ng6 18. a3 Qd8 19. g3 d6 20. Bg2 Rc4 21.
Bd2 Qa8 22. Kh2 Qa7 23. Be3 Qa8 24. Bd2 Bd4 25. Qe2 h5 26. Be3 Bxc3 27. bxc3
Bxe4 28. f3 Bd5 29. Rd3 Ne5 30. Rxd5 Qxd5 31. Rd1 Qc6 32. Bf4 h4 33. Bxe5 dxe5
34. g4 Qc7 35. Kh1 e4 36. fxe4 h3 37. Bf3 Rxc3 38. Rd2 Qf4 39. Rd3 Qc1+ 40. Rd1
Qxc2 41. Rd2 Qc1+ 42. Kh2 Rxf3 0-1

[Event "25th International Tournament Nikaia"]
[Site "Nikaia"]
[Date "2017.08.31"]
[Round "6.4"]
[White "Skaperdas, Kostantinos"]
[Black "Georgiou, Kostantinos"]
[Result "1-0"]
[WhiteElo "2200"]
[BlackElo "2162"]
[PlyCount "53"]
[EventDate "2017.08.26"]

1. e4 g6 2. d4 Bg7 3. Nc3 d6 4. Be3 a6 5. Nf3 e6 6. Qd2 h6 7. Bd3 Nd7 8. Ne2 b6
9. O-O Bb7 10. h3 Ne7 11. c4 f5 12. Nf4 Nf8 13. Qc2 Qd7 14. Rfd1 Kf7 15. Rac1
c5 16. dxc5 bxc5 17. b4 e5 18. Nxg6 Nfxg6 19. exf5 Nf4 20. Bxf4 Bxf3 21. gxf3
exf4 22. bxc5 Nc6 23. f6 Bxf6 24. Bg6+ Kf8 25. Rxd6 Qg7 26. Qf5 Ne7 27. Rxf6+
1-0

[Event "25th International Tournament Nikaia"]
[Site "Nikaia"]
[Date "2017.08.31"]
[Round "6.5"]
[White "Nikolaou, Spiridon"]
[Black "Spyropoulos, Nikolaos"]
[Result "1-0"]
[WhiteElo "2196"]
[BlackElo "2108"]
[PlyCount "91"]
[EventDate "2017.08.26"]

1. g3 c5 2. Bg2 g6 3. f4 Bg7 4. Nf3 d5 5. O-O Nc6 6. d3 e6 7. c3 Nge7 8. Qe1 b6
9. a4 Bb7 10. Na3 Qd7 11. Bd2 O-O 12. Rb1 a6 13. e4 dxe4 14. dxe4 Rad8 15. Be3
Qc7 16. Qe2 Rd7 17. e5 Rfd8 18. Nc4 Nf5 19. Bf2 h5 20. b4 Bf8 21. bxc5 bxc5 22.
Ng5 Na5 23. Bxb7 Nxb7 24. Ne4 Be7 25. Rb6 Na5 26. Rxa6 Nxc4 27. Qxc4 Rd1 28.
Qb5 Rxf1+ 29. Kxf1 Rb8 30. Qc6 Qxc6 31. Rxc6 Ra8 32. Bxc5 Rxa4 33. Nf6+ Kg7 34.
Bxe7 Nxe7 35. Rc7 Nf5 36. Ne8+ Kg8 37. Nd6 Ne3+ 38. Ke2 Nd5 39. Rc8+ Kg7 40. c4
Nb4 41. Rc7 Ra2+ 42. Kf3 Rxh2 43. Rxf7+ Kg8 44. Rf6 Nd3 45. Rxg6+ Kh7 46. Rxe6
1-0

[Event "25th International Tournament Nikaia"]
[Site "Nikaia"]
[Date "2017.08.31"]
[Round "6.6"]
[White "Gogolis, Alexandros"]
[Black "Kordis, Konstantinos"]
[Result "1/2-1/2"]
[WhiteElo "2190"]
[BlackElo "2130"]
[PlyCount "53"]
[EventDate "2017.08.26"]

1. d4 Nf6 2. Nf3 g6 3. Bg5 Bg7 4. Nbd2 d6 5. c3 O-O 6. e4 Qe8 7. Be2 e5 8. dxe5
dxe5 9. O-O Nbd7 10. Re1 h6 11. Bh4 Nh5 12. Nc4 Nc5 13. Bf1 a5 14. Qd5 Ne6 15.
Qd1 a4 16. Qc2 Nc5 17. Nfd2 Nf4 18. f3 Qc6 19. b4 axb3 20. axb3 Rxa1 21. Rxa1
Bf6 22. Na5 Qd6 23. Nac4 Qe7 24. Bf2 Rd8 25. Nb2 Bg5 26. Rd1 h5 27. b4 1/2-1/2

[Event "25th International Tournament Nikaia"]
[Site "Nikaia"]
[Date "2017.08.31"]
[Round "6.7"]
[White "Zaronikas, Dimitrios"]
[Black "Grigoriadis, Alexandros"]
[Result "0-1"]
[WhiteElo "1884"]
[BlackElo "2189"]
[PlyCount "68"]
[EventDate "2017.08.26"]

1. b3 c5 2. e4 e6 3. Bb2 a6 4. Nf3 d5 5. exd5 exd5 6. d4 Nf6 7. Bd3 Be7 8. dxc5
Bxc5 9. O-O O-O 10. Nbd2 Bg4 11. c3 Nc6 12. Qc2 Qb6 13. a3 Rac8 14. c4 Nd4 15.
Nxd4 Bxd4 16. b4 dxc4 17. Nxc4 Qa7 18. Bxd4 Qxd4 19. Rad1 Bxd1 20. Rxd1 Rfd8
21. Bxh7+ Nxh7 22. Rxd4 Rxd4 23. Qe2 Rdxc4 24. g3 b5 25. h4 Nf6 26. h5 Ng4 27.
Qf3 R8c6 28. Qd5 Rc1+ 29. Kg2 R1c2 30. Qd8+ Kh7 31. Qd3+ Kh6 32. Qd4 Rxf2+ 33.
Kh3 Rh2+ 34. Kxg4 Rc4 0-1